[Event "Crema op-B 17th"]
[Site "Crema"]
[Date "2016.09.04"]
[Round "5"]
[White "Annicchiarico, Luigi"]
[Black "Caccia, Mathias"]
[Result "1/2-1/2"]
[WhiteElo "1804"]
[BlackElo "1698"]
[PlyCount "60"]
[EventDate "2016.09.02"]
[EventType "swiss"]
[EventRounds "6"]
[EventCountry "ITA"]
[SourceTitle "EXT 2018"]
[Source "ChessBase"]
[SourceDate "2017.10.13"]
[SourceVersion "1"]
[SourceVersionDate "2017.10.13"]
[SourceQuality "1"]

1. d4 d5 2. c4 c6 3. cxd5 cxd5 4. Nc3 Nf6 5. Nf3 Nc6 6. Bf4 Bf5 7. e3 e6 8. Bd3 Bxd3 9. Qxd3 Bd6 10. Bxd6 Qxd6 11. 0-0 Rc8 12. Rfc1 0-0 13. a3 Rc7 14. Nb5 Qd7 15. Nxc7 Qxc7 16. Ne5 Nxe5 17. dxe5 Qxe5 18. Qd4 Qxd4 19. exd4 Ne4 20. Rc7 Rb8 21. Rac1 g6 22. Rc8+ Rxc8 23. Rxc8+ Kg7 24. Rc7 Nd6 25. Rd7 Kf6 26. Rxd6 Ke7 27. Rxd5 exd5 28. Kf1 Ke6 29. Ke2 Kf5 30. Kf3 h5 1/2-1/2

[Event "Crema op-B 17th"]
[Site "Crema"]
[Date "2016.09.03"]
[Round "3"]
[White "Bonoldi, Fabio"]
[Black "Caccia, Mathias"]
[Result "1/2-1/2"]
[WhiteElo "1838"]
[BlackElo "1698"]
[PlyCount "83"]
[EventDate "2016.09.02"]
[EventType "swiss"]
[EventRounds "6"]
[EventCountry "ITA"]
[SourceTitle "EXT 2018"]
[Source "ChessBase"]
[SourceDate "2017.10.13"]
[SourceVersion "1"]
[SourceVersionDate "2017.10.13"]
[SourceQuality "1"]

1. c4 c6 2. g3 d5 3. cxd5 cxd5 4. Bg2 Nf6 5. d3 Nc6 6. Nf3 Bf5 7. 0-0 e6 8. a3 h6 9. Nbd2 Be7 10. Nb3 Rc8 11. Be3 0-0 12. Rc1 e5 13. Bc5 b6 14. Bxe7 Qxe7 15. e3 Rc7 16. Qe2 Rfc8 17. Rfd1 Bg4 18. h3 Bh5 19. g4 Bg6 20. Nh2 Nb8 21. Rxc7 Rxc7 22. Rc1 Rxc1+ 23. Nxc1 Qc5 24. Qd2 Na6 25. Ne2 Qb5 26. Nc3 Qxd3 27. Qxd3 Bxd3 28. Nxd5 Nxd5 29. Bxd5 Kf8 30. Nf3 f6 31. Ne1 Bg6 32. Kg2 Ke7 33. Kf3 Kd6 34. Bc4 Nc5 35. b3 a5 36. a4 Be8 37. Ke2 Bc6 38. Nf3 Bd5 39. Bxd5 Kxd5 40. Nd2 e4 41. f3 g5 42. f4 1/2-1/2

[Event "Gallarate Ricciardi op"]
[Site "Gallarate"]
[Date "2016.06.07"]
[Round "4"]
[White "Della Rocca, Luigi"]
[Black "Caccia, Mathias"]
[Result "0-1"]
[WhiteElo "1793"]
[BlackElo "1498"]
[PlyCount "86"]
[EventDate "2016.05.17"]
[EventType "swiss"]
[EventRounds "6"]
[EventCountry "ITA"]
[SourceTitle "EXT 2018"]
[Source "ChessBase"]
[SourceDate "2017.10.13"]
[SourceVersion "1"]
[SourceVersionDate "2017.10.13"]
[SourceQuality "1"]

1. e4 e5 2. Nc3 Nf6 3. d3 Nc6 4. Nf3 Bc5 5. Be2 h6 6. 0-0 0-0 7. a3 a6 8. b4 Bb6 9. Na4 Ba7 10. Bb2 d6 11. c4 Re8 12. Nc3 Nd4 13. Nd5 Nxd5 14. cxd5 Nxf3+ 15. Bxf3 Qf6 16. Rc1 Bb6 17. a4 a5 18. b5 Qg5 19. d4 f6 20. Rc4 Re7 21. Bc1 Qh4 22. g3 Qh3 23. Be3 g6 24. dxe5 Bxe3 25. fxe3 dxe5 26. d6 cxd6 27. Qxd6 Qe6 28. Qc5 Bd7 29. Bg4 Qf7 30. Bxd7 Rxd7 31. Rfc1 Rad8 32. R4c3 Qa2 33. Qc4+ Qxc4 34. Rxc4 Kf7 35. Kf2 Ke7 36. h4 h5 37. Rc8 Kf8 38. Kf3 Ke8 39. R8c5 Ke7 40. b6 g5 41. Rxa5 Ke6 42. hxg5 fxg5 43. Rcc5 g4+ 0-1